The Magnificence of the Mahabharata/ (Record no. 208803)

MARC details
000 -LEADER
fixed length control field 00462nam a22001697a 4500
005 - DATE AND TIME OF LATEST TRANSACTION
control field 20250203110703.0
010 ## - LCCN (DPL NO)
LC control number ENG-143592
020 ## - INTERNATIONAL STANDARD BOOK NUMBER
International Standard Book Number 9789358195866
Terms of availability 456.00
035 ## - SYSTEM CONTROL NUMBER
System control number EN-127124
037 ## - SOURCE OF ACQUISITION
Source of stock number/acquisition DBAD
082 ## - DEWEY DECIMAL CLASSIFICATION NUMBER
Classification number 230.1
100 ## - MAIN ENTRY--PERSONAL NAME
Personal name Ghosh, Sitanshu
245 ## - TITLE STATEMENT
Title The Magnificence of the Mahabharata/
Statement of responsibility, etc by Sitanshu Ghosh
260 ## - PUBLICATION, DISTRIBUTION, ETC. (IMPRINT)
Name of publisher, distributor, etc Bluerose Publishers
Date of publication, distribution, etc 2020
300 ## - PHYSICAL DESCRIPTION
Extent 364p.
Dimensions 20cm(pb)
942 ## - ADDED ENTRY ELEMENTS (KOHA)
Source of classification or shelving scheme Dewey Decimal Classification
Item type English Books
Classification part 230.1
Call number suffix GHO
Holdings
Withdrawn status Lost status Not for loan Collection code Home library Current library Date acquired Source of acquisition Cost, normal purchase price Full call number Barcode Copy number Cost, replacement price Koha item type
      Non-fiction Vinoba Puri Vinoba Puri 27/01/2025 Delivery of Books Act Division 456.00 230.1 GHO EN-127124 1 456.00 English Books

© Delhi Public Library
Hit Counter
free hit counter